Učebnice češtiny pro cizince. Díl 1. /

Hlavní autor: Sova, Miloš, 1896-
Jazyk: Čeština
Vydáno: Praha : Státní pedagogické nakladatelství, 1958
Edice: Učební texty vysokých škol
Témata:
Fyzický popis: 210 s.
Knihy
Uloženo v:
LEADER 01020nam a2200241 a 4500
001 000607230
003 CZ BrMZK
005 20020620092219.0
008 020620s1958 xr f cze d
040 |a BOA001  |b cze  |c BOA001 
100 1 |a Sova, Miloš,  |d 1896-  |7 jk01120603  |4 aut 
245 1 0 |a Učebnice češtiny pro cizince.  |n Díl 1. /  |c Miloš Sova 
260 |a Praha :  |b Státní pedagogické nakladatelství,  |c 1958 
300 |a 210 s. 
490 1 |a Učební texty vysokých škol 
500 |a V textech užito ruštiny a angličtiny 
830 0 |a Učební texty vysokých škol 
910 |a BOA001  |b PK-N-0002.889,1 
964 |a Čeština - učebnice pro cizince - školy vysoké 
990 |a BK 
996 7 |b 3119640894  |c PK-N-0002.889,1  |l MZK  |r Sklad / do 1 hodiny  |n 4  |w 000607230  |u 000010  |a 1  |e BOA001  |j MZK50  |s A 
996 7 |b 3119689929  |c PK-N-0002.889,1  |l MZK  |r Sklad / do 1 hodiny  |n 4  |w 000607230  |u 000020  |a 1  |e BOA001  |j MZK50  |s A 
996 6 |b BC-33011  |c PK-N-0002.889,1  |l MZK  |r Sklad / do 1 hodiny  |n 0  |w 000607230  |u 000030  |a 1  |e BOA001  |j MZK50  |s P